LEADER 00955nam a22002531i 4500 001 991002832089707536 005 20040403072203.0 008 040624s1990 gw |||||||||||||||||eng 020 $a3774924511 035 $ab12985193-39ule_inst 035 $aARCHE-094287$9ExL 040 $aDip.to Beni Culturali$bita$cA.t.i. Arché s.c.r.l. Pandora Sicilia s.r.l. 082 04$a512.72 100 1 $aDe Lillo, Antonio$0118746 245 14$aThe ancient Greek numeral system :$ba study of some problematic forms /$cby Antonio Lillo 260 $aBonn :$bHabelt,$c1990 300 $aVIII, 66 p. ;$c21 cm 650 4$aNumeri$zGrecia antica 907 $a.b12985193$b02-04-14$c12-07-04 912 $a991002832089707536 945 $aLE001 AN XIII 123$g1$i2001000057771$lle001$nC. 1$o-$pE0.00$q-$rl$s- $t0$u0$v0$w0$x0$y.i13589787$z12-07-04 996 $aAncient Greek numeral system$9284347 997 $aUNISALENTO 998 $ale001$b12-07-04$cm$da $e-$feng$ggw $h4$i1 LEADER 01227nam a2200301 i 4500 001 991003103379707536 005 20021125155132.0 008 020611s2001 it ita 020 $a8846430921$c19.63 035 $ab11754849-39ule_inst 035 $aLE02522765$9ExL 040 $aFac. Economia$bita 082 0 $a658.408 100 1 $aGorla, Nadia$0382271 245 12$aL'impresa comunica l'ambiente /$cNadia Gorla, Fabio Iraldo ; prefazione di Giuseppe Bianchi ; introduzione di Marco Frey 260 $aMilano :$bFranco Angeli,$cc2001 300 $a310 p. ;$c23 cm 490 0 $aEconomia e politica dell'energia e dell'ambiente ;$v36 650 4$aAmbiente$xTutela$xDirettive comunitarie 650 4$aImprese$xGestione ambientale 650 4$aImprese$xGestione dell'immagine 700 1 $aIraldo, Fabio$eauthor$4http://id.loc.gov/vocabulary/relators/aut$0145374 907 $a.b11754849$b30-01-19$c27-11-02 912 $a991003103379707536 945 $aLE025 ECO 658.4 GOR01.01$g1$i2025000080010$lle025$nCatalogato 2019$o-$pE0.00$q-$rl$s- $t0$u15$v15$w15$x0$y.i11998489$z27-11-02 996 $aImpresa comunica l'ambiente$938414 997 $aUNISALENTO 998 $ale025$b01-01-02$cm$da $e-$fita$git $h2$i1